000 02469cam a2200373 a 4500
001 8595109
003 ARRUPE
005 20160823110959.0
008 100923s2011 ilu b 001 0 eng
010 _a 2010040598
020 _a9780830838974 (pbk. : alk. paper)
020 _a083083897X (pbk. : alk. paper)
024 _a99942280201
035 _a(OCoLC)666492764
035 _a(OCoLC)ocn666492764
035 _a(NNC)8595109
040 _aDLC
_cDLC
_dYDX
_dYDXCP
_dLNT
050 0 0 _aBT198
_b.J476 2011
082 0 0 _a232.9/08
_222
245 0 0 _aJesus, Paul and the people of God :
_ba theological dialogue with N. T. Wright /
_cedited by Nicholas Perrin and Richard B. Hays.
260 _aDowners Grove, Ill. :
_bIVP Academic,
_cc2011.
300 _a294 p. ;
_c23 cm.
504 _aIncludes bibliographical references and indexes.
505 0 _aPt. 1. Jesus and the people of God. Jesus and the victory of God meets the gospel of John / Marianne Meye Thompson -- N.T. Wright's response -- Knowing Jesus : story, history and the question of truth / Richard B. Hays -- N.T. Wright's response -- "Outside of a small circle of friends" : Jesus and the justice of God / Sylvia C. Keesmaat and Brian J. Walsh -- N.T. Wright's response -- Jesus' eschatology and kingdom ethics : ever the twain shall meet / Nicholas Perrin -- N.T. Wright's response -- Whence and whither historical Jesus studies in the life of the church? / N.T. Wright -- Pt. 2. Paul and the people of God. Glimpsing the glory : Paul's gospel, righteousness and the beautiful feet of N.T. Wright / Edith M. Humphrey -- N.T. Wright's response -- The shape of things to come? : Wright amidst emerging ecclesiologies / Jeremy S. Begbie -- N.T. Wright's response -- Did St. Paul go to heaven when he died? / Markus Bockmuehl -- N.T. Wright's response -- Wrighting the wrongs of the Reformation? : the state of the union with Christ in St. Paul and Protestant soteriology / Kevin J. Vanhoozer -- N.T. Wright's response -- Whence and whither Pauline studies in the life of the church? / N.T. Wright.
600 0 0 _aJesus Christ
_xHistory of doctrines
_y20th century.
_911963
600 0 0 _aPaul,
_cthe Apostle, Saint.
_925300
600 1 0 _aWright, N. T.
_q(Nicholas Thomas)
_92555
700 1 _aPerrin, Nicholas.
_925301
700 1 _aHays, Richard B.
_925302
700 1 _aWright, N. T.
_q(Nicholas Thomas)
_92555
942 _2lcc
_cMONOGRAPH
948 1 _a20110407
_bc
_csl13
_dMPS
999 _c125074
_d125074